[Event "BL2-Sued 1213"]
[Site "Germany"]
[Date "2013.01.13"]
[Round "5.6"]
[White "Nazarenus, Moritz"]
[Black "Spiegel, Stefan"]
[Result "1-0"]
[WhiteElo "2248"]
[BlackElo "2238"]
[PlyCount "43"]
[EventDate "2012.10.14"]
[EventType "team-tourn"]
[EventRounds "9"]
[EventCountry "GER"]
[SourceTitle "CBM 154 Extra"]
[Source "ChessBase"]
[SourceDate "2013.06.25"]
[SourceVersion "2"]
[SourceVersionDate "2013.06.25"]
[SourceQuality "1"]
[WhiteTeam "Schoeneck"]
[BlackTeam "Viernheim"]
[WhiteTeamCountry "GER"]
[BlackTeamCountry "GER"]

1. d4 Nf6 2. c4 e6 3. Nf3 Bb4+ 4. Nbd2 d6 5. g3 Nc6 6. Bg2 e5 7. d5 Bxd2+ 8. Bxd2 Ne7 9. 0-0 0-0 10. b4 Ne4 11. Be1 f5 12. Rc1 Bd7 13. Nd2 Nf6 14. c5 e4 15. Nc4 Nfxd5 16. cxd6 cxd6 17. f3 exf3 18. Rxf3 Nf6 19. Nxd6 Bc6 20. Rd3 Bxg2 21. Kxg2 Kh8 22. Nf7+ 1-0

[Event "BL2-Sued 1112"]
[Site "Germany"]
[Date "2012.01.15"]
[Round "5.5"]
[White "Vatter, Hans Joachim"]
[Black "Spiegel, Stefan"]
[Result "1/2-1/2"]
[WhiteElo "2322"]
[BlackElo "2246"]
[PlyCount "78"]
[EventDate "2011.10.02"]
[EventType "team-tourn"]
[EventRounds "9"]
[EventCountry "GER"]
[SourceTitle "EXT 2015"]
[Source "ChessBase"]
[SourceDate "2014.11.20"]
[SourceVersion "1"]
[SourceVersionDate "2014.11.20"]
[SourceQuality "1"]
[WhiteTeam "Untergrombach"]
[BlackTeam "Viernheim"]
[WhiteTeamCountry "GER"]
[BlackTeamCountry "GER"]

1. Nf3 Nf6 2. c4 e6 3. g3 d5 4. Bg2 Be7 5. 0-0 0-0 6. d4 c6 7. Qc2 Nbd7 8. Nbd2 b6 9. e4 Bb7 10. b3 Rc8 11. Bb2 c5 12. dxc5 Nxc5 13. exd5 exd5 14. Rad1 dxc4 15. Nxc4 Be4 16. Rxd8 Bxc2 17. Rxc8 Rxc8 18. Nd4 Be4 19. Bxe4 Ncxe4 20. Re1 Bc5 21. Kg2 Kf8 22. Re2 Re8 23. f3 Nd6 24. Nxd6 Bxd6 25. Rxe8+ Nxe8 26. f4 g6 27. Kf3 f5 28. Ke3 Nc7 29. Kd3 Ke8 30. Kc4 a6 31. a4 Kd7 32. b4 Be7 33. b5 axb5+ 34. Nxb5 Ne6 35. Bd4 Kc6 36. Na7+ Kb7 37. Nb5 Kc6 38. Na7+ Kb7 39. Nb5 Kc6 1/2-1/2

[Event "BL2-Sued 1112"]
[Site "Germany"]
[Date "2011.10.02"]
[Round "1.3"]
[White "Gurevich, Vladimir"]
[Black "Spiegel, Stefan"]
[Result "1-0"]
[WhiteElo "2474"]
[BlackElo "2246"]
[PlyCount "81"]
[EventDate "2011.10.02"]
[EventType "team-tourn"]
[EventRounds "9"]
[EventCountry "GER"]
[SourceTitle "EXT 2015"]
[Source "ChessBase"]
[SourceDate "2014.11.20"]
[SourceVersion "1"]
[SourceVersionDate "2014.11.20"]
[SourceQuality "1"]
[WhiteTeam "Boeblingen"]
[BlackTeam "Viernheim"]
[WhiteTeamCountry "GER"]
[BlackTeamCountry "GER"]

1. e4 Nf6 2. e5 Nd5 3. d4 d6 4. Nf3 Bg4 5. Be2 Nc6 6. exd6 exd6 7. 0-0 Be7 8. c4 Nf6 9. Nc3 0-0 10. h3 Bh5 11. Bf4 Bg6 12. Rc1 Ne4 13. Nd5 Re8 14. Re1 a5 15. a3 Rc8 16. Qb3 Rb8 17. Bd3 Nf6 18. Bxg6 hxg6 19. Nc3 Bf8 20. Qb5 Nh5 21. Be3 Qf6 22. Nd5 Qd8 23. g4 Nf6 24. Bg5 Rxe1+ 25. Rxe1 Nxd4 26. Nxd4 c6 27. Nxc6 bxc6 28. Qxc6 Qc8 29. Qxc8 Rxc8 30. Bxf6 gxf6 31. Nxf6+ Kg7 32. Nd7 Rc7 33. Nxf8 Kxf8 34. Rd1 Rb7 35. Rd2 Rb3 36. Kg2 Ke7 37. h4 f6 38. f3 a4 39. Kg3 Kf7 40. Rxd6 Rxb2 41. Ra6 1-0

[Event "Baden CupT final"]
[Site "Baden-Baden"]
[Date "2011.07.24"]
[Round "5.2"]
[White "Spiegel, Stefan"]
[Black "Wenner, Tobias"]
[Result "1/2-1/2"]
[WhiteElo "2258"]
[BlackElo "2222"]
[PlyCount "44"]
[EventDate "2011.07.23"]
[EventType "team-tourn"]
[EventRounds "5"]
[EventCountry "GER"]
[SourceTitle "EXT 2012"]
[Source "ChessBase"]
[SourceDate "2011.11.24"]
[SourceVersion "1"]
[SourceVersionDate "2011.11.24"]
[SourceQuality "1"]
[WhiteTeam "Viernheim"]
[BlackTeam "Eppingen"]
[WhiteTeamCountry "GER"]
[BlackTeamCountry "GER"]

1. e4 d5 2. exd5 Qxd5 3. Nc3 Qa5 4. Bc4 Bf5 5. Nge2 e6 6. 0-0 Nf6 7. d3 c6 8. Ng3 Bg6 9. Qe2 Be7 10. f4 0-0 11. Kh1 Re8 12. Bd2 Qc7 13. Rae1 Nbd7 14. a3 Nb6 15. Bb3 Rad8 16. Nce4 c5 17. Bc3 Nxe4 18. Nxe4 Bh4 19. Rd1 Qc6 20. Nf2 Nd5 21. Bd2 Nf6 22. Ng4 Nxg4 1/2-1/2

[Event "BL2-Sued 1011"]
[Site "Germany"]
[Date "2011.02.27"]
[Round "7.7"]
[White "Scheeff, Volker"]
[Black "Spiegel, Stefan"]
[Result "1/2-1/2"]
[WhiteElo "2139"]
[BlackElo "2258"]
[PlyCount "47"]
[EventDate "2010.10.10"]
[EventType "team-tourn"]
[EventRounds "9"]
[EventCountry "GER"]
[SourceTitle "EXT 2012"]
[Source "ChessBase"]
[SourceDate "2011.11.24"]
[SourceVersion "1"]
[SourceVersionDate "2011.11.24"]
[SourceQuality "1"]
[WhiteTeam "Schmiden Cannstatt"]
[BlackTeam "Viernheim"]
[WhiteTeamCountry "GER"]
[BlackTeamCountry "GER"]

1. e4 Nf6 2. e5 Nd5 3. d4 d6 4. Nf3 Bg4 5. Be2 Nc6 6. c4 Nb6 7. exd6 exd6 8. d5 Bxf3 9. Bxf3 Ne5 10. b3 Be7 11. Bb2 Bf6 12. Nc3 0-0 13. Be2 Nbd7 14. Qc2 a5 15. Ne4 Re8 16. 0-0 Ng6 17. Nxf6+ Nxf6 18. Bd3 Ng4 19. Qc3 Qf6 20. Qxf6 Nxf6 21. Bxf6 gxf6 22. Rfe1 Re5 23. Bxg6 hxg6 24. f4 1/2-1/2